=LDR 00000nam 2200000 4500 =001 INLIS000000000020987 =005 20130612115905 =008 ***********************************Ind** =035 ##$$0010-061300000020987 =041 ##$$a Ind =082 ##$$a F Rom D =090 ##$$a F Rom D, Aud j =100 ##$$a Audah, Ali =245 ##$$a Jalan terbuka, Ali Audah =260 ##$$a 1997 $b Jakarta =300 ##$$a 189 hlm, 21 cm =650 ##$$a Fiksi Dewasa =850 ##$$a NBPNMAT